000 00626nam a2200265Ia 4500
005 20260306164600.0
008 008 260114s9999 xx 000 0 eng d
020 _a9780300206784
037 _aEBOOK
040 _aCRL
040 _beng
040 _cCRL
041 _2eng
041 _aeng
084 _qCRL
100 _aWemheuer
_9885802
245 0 _aFamine Politics In Maoist China And The Soviet Union
260 _bYale University Press
260 _c2015
650 _aHistory
856 _uhttps://academic.oup.com/book/21687
942 _cEBOOK
999 _c1714608
_d1714608